000 00454cam a2200181 4500
001 B2941
008 090401t1990 xxu||||| |||| 00| 0 eng d
035 _a(Sirsi) u53061
041 _aeng
050 _a333.337094229
110 _aChesterton
_92357
245 _aReading and the M3 / M4 corridor : business space 1989/90
260 _aLondon
_bChesterton
_c1990
300 _a6p. : ill. ; 30cm.
350 _a25
942 _n0
948 _c04/03/1997
999 _c93216
_d93216